gminy powiatu otwockiego - Statystyki

Ogólne statystyki
  • Ten quiz został rozwiązany 209 razy
  • Średni wynik to 5 z 8
Odpowiedzi na mapie
Odpowiedzi zakodowano w zielono-czerwonej skali na mapie do tego quizu, zgodnie z poniższymi procentami.
 
Statystyki odpowiedzi
Gmina Odpowiedź % Poprawnych
miejska Otwock
96%
miejska Józefów
87%
miejsko-wiejska Karczew
83%
wiejska Celestynów
69%
wiejska Wiązowna
66%
wiejska Kołbiel
54%
wiejska Sobienie-Jeziory
47%
wiejska Osieck
38%
Nie znaleziono quizów pasujących do podanych kryteriów
Rozkład punktacji
Procent ludzi z każdym wynikiem
Percentyl według liczby udzielonych odpowiedzi
Twoja historia wyników
Nie rozwiązałeś tego quizu